| 000 | 00465nam a2200133 a 4500 | ||
|---|---|---|---|
| 001 | 000037195 | ||
| 005 | 20200930080210.0 | ||
| 008 | 120229s1969 mx 000 0 spa d | ||
| 040 |
_aDO-SdBNP _bspa _cBNPHU |
||
| 082 |
_axxxxx _bE77 |
||
| 245 | 0 | 0 | _aEspecificaciones generales para la construcción de caminos y puentes de acuerdo con los proyectos federales de carreteras. |
| 260 |
_aMéxico : _bCentro regional de ayuda técnica, _c1969. |
||
| 300 |
_a351 p. ; _c21 cm. |
||
| 999 |
_c36685 _d36685 |
||